El barón rampante / (Record no. 23667)

000 -CABECERA
fixed length control field 00651nam a22002057i 4500
003 - IDENTIFICADOR DEL NÚMERO DE CONTROL
control field AR-CdUCM
008 - DATOS DE LONGITUD FIJA--INFORMACIÓN GENERAL
fixed length control field 260430b20022002 pe||||| |||| 00| 0 spa d
020 ## - NÚMERO INTERNACIONAL ESTÁNDAR DEL LIBRO
ISBN 978-84-19744-37-1
040 ## - FUENTE DE LA CATALOGACIÓN
Agencia/entidad que catalogó originalmente la obra MUNICIPALIDAD PROVINCIAL DEL CUSCO
Entidad que transcribió la catalogación BIBLIOTECA MUNICIPAL DEL CUSCO
082 ## - NÚMERO DE LA CLASIFICACIÓN DECIMAL DEWEY
No. de Clasificación 858.9
Notacion interna C23B
100 ## - ENTRADA PRINCIPAL--NOMBRE DE PERSONA
Nombre Personal Calvino, Italo
245 ## - MENCIÓN DE TÍTULO
Título El barón rampante /
260 ## - PUBLICACIÓN, DISTRIBUCIÓN, ETC.
Lugar de publicación, distribución, etc. Madrid-España:
Nombre de la editorial, distribuidor, etc. Ediciones Siruela S.A.
Fecha de publicación, distribución, etc. 2002
300 ## - DESCRIPCIÓN FÍSICA
Nº de Páginas Extensión 331 páginas. :
Dimensiones 21.5x14 cm.
505 ## - NOTA DE CONTENIDO CON FORMATO
Nota de contenido formateada Actividades tras la lectura -- Ítalo Calvino -- Lucia Sainz Benites
856 ## - LOCALIZACIÓN Y ACCESO ELECTRÓNICOS
Dirección electrónica www.cedro.org
942 ## - ELEMENTOS DE PUNTO DE ACCESO ADICIONAL (KOHA)
Fuente de clasificación
Tipo de item Libros-BMC
945 ## - PROCESAMIENTO DE INFORMACIÓN LOCAL (OCLC)
Catalogador pbjr
AAAA-MM-DD - Fecha de ingreso o modificacion 30-04-2026
Holdings
Estado de retiro (separado) Fuente de clasificación o esquema de estanterías Estado dañado Ubicación Sala donde se ubica Nombre de la colección Fecha de adquisición o compra Fuente de adquisición Costo, precio normal en soles Signatura topográfica Código de Barras Última vez visto (Koha) Tipo de ítem (Koha)
No     Sala Humanidades Sala Humanidades Book Cart 2026-04-30 Donación 30.00 858.9 / C23B SH0000017133 2026-04-30 Libros-BMC

Powered by Koha